000 00717nam a2200289Ia 4500
005 20260324141754.0
008 008 260324s9999 xx 000 0 eng d
020 _a9781315046389
037 _aEBOOK
040 _aCRL
040 _beng
040 _cCRL
041 _2eng
041 _aeng
084 _qCRL
100 _aAllan C. Ornstein; Linda S. Behar
_91209448
245 0 _aOur Evolving Curriculum
245 0 _bPart I: A Special Issue of Peabody Journal of Education
260 _bTaylor and Francis
260 _c1996
365 _a
365 _b145
856 _uhttp://www.taylorfrancis.com/books/9781315046389
942 _cEBOOK
999 _c1812893
_d1812893